| 000 | 00844nam a2200193 4500 | ||
|---|---|---|---|
| 999 |
_c16714 _d16714 |
||
| 008 | 220311b ||||| |||| 00| 0 eng d | ||
| 020 | _a9781071824412 | ||
| 082 |
_22021 _aDC 371.822 _bB611 |
||
| 100 |
_aBlankstein, Alan M. _944677 |
||
| 245 |
_aBreakthrough leadership : _bsix principles guiding schools where inequity is not an option / _cAlan M. Blankstein and Marcus J. Newsome, Lauren B. Mahan; Foreword by Pedro A. Noguera. |
||
| 260 |
_aCalifornia : _bCorwin ; _c©2021. |
||
| 300 |
_axviii, 211 pages : _billustrations ; _c25 cm. |
||
| 500 | _aIncludes bibliographical references and index. | ||
| 650 |
_aEducational equalization _xDeveloping countries. _944678 |
||
| 700 |
_aNewsome, Marcus J. _eAuthor. _944679 |
||
| 700 |
_aMahan, Lauren B. _eAuthor. _944680 |
||
| 700 |
_aNoguera, Pedro A. _eForeword. _944681 |
||
| 942 |
_2ddc _cDC |
||